[Event "Muenster op"]
[Site "Muenster"]
[Date "1996.??.??"]
[Round "5"]
[White "Holzke, Frank"]
[Black "Bezold, Michael"]
[Result "0-1"]
[WhiteElo "2375"]
[BlackElo "2495"]

1.e4 c5 2.Nf3 e6 3.d4 cxd4 4.Nxd4 a6 5.Bd3 Bc5 6.Nb3 Ba7 7.O-O Nc6 8.Qg4 Kf8
9.Qg3 d6 10.Be3 Nf6 11.Bxa7 Rxa7 12.N1d2 e5 13.Be2 Be6 14.a4 Ra8 15.a5 g6
16.Qe3 Kg7 17.Bc4 Qe7 18.Bxe6 Qxe6 19.c4 Nh5 20.Rfe1 Nf4 21.g3 Nh3+ 22.Kg2 h5
23.Nf3 h4 24.Rac1 hxg3 25.fxg3 Qg4 26.Red1 Rh5 27.Rxd6 Rah8 28.Kf1 Ng5 29.Nxg5 Rxh2
30.Ke1 Rg2 31.Nd2 Rh1+ 32.Nf1 Rxg3 33.Qd2 Rxf1+ 34.Kxf1 Rg1+ 35.Kf2 Rg2+  0-1

[Event "Muenster op"]
[Site "Muenster"]
[Date "1996.??.??"]
[Round "8"]
[White "Sax, Gyula"]
[Black "Bezold, Michael"]
[Result "1-0"]
[WhiteElo "2525"]
[BlackElo "2495"]

1.e4 c5 2.Nf3 e6 3.d4 cxd4 4.Nxd4 a6 5.Bd3 Bc5 6.Nb3 Ba7 7.Qe2 Nc6 8.Nc3 d6
9.Be3 Nf6 10.O-O-O b5 11.Bxa7 Rxa7 12.g4 O-O 13.f4 e5 14.f5 b4 15.Na4 Bd7
16.g5 Ne8 17.Qe3 Rb7 18.Bxa6 Rb8 19.Bc4 Kh8 20.Rhg1 Qc7 21.Qd3 Qa7 22.Rg4 Ne7
23.Rh4 Ng8 24.Nac5 Bc8 25.Qh3 h6 26.Nd3 Bd7 27.Qg3 Rc8 28.Bd5 Qc7 29.Rd2 Qd8
30.Rg2 g6 31.Qh3 Nef6 32.Rxh6+ Nxh6 33.gxf6 Kh7 34.Bxf7 Qxf6 35.Rxg6 Qxg6
36.fxg6+ Kg7 37.Qxd7 Rcd8 38.Qe7 Ng4 39.Be8+  1-0

[Event "JUG-ch op"]
[Site "Nis"]
[Date "1996.??.??"]
[Round "9"]
[White "Dutreeuw, Marc"]
[Black "Pikula, Dejan"]
[Result "0-1"]
[WhiteElo "2385"]
[BlackElo "2455"]

1.e4 c5 2.Nf3 e6 3.d4 cxd4 4.Nxd4 a6 5.Bd3 Nf6 6.O-O Qc7 7.Qe2 d6 8.c4 Be7
9.Nc3 O-O 10.Be3 b6 11.Rac1 Nbd7 12.Bb1 Bb7 13.f3 Rac8 14.Qf2 Qb8 15.b3 Bd8
16.Nde2 Bc7 17.Qh4 Ne5 18.Rcd1 Ng6 19.Qh3 b5 20.cxb5 axb5 21.Nxb5 Ba6 22.a4 Bxb5
23.axb5 Qxb5 24.Nd4 Qb4 25.f4 Bb6 26.Nc2 Qxb3 27.Bxb6 Qxb6+ 28.Qe3 Rc5 29.Kh1 e5
30.f5 Ne7 31.Ne1 d5 32.Nd3 d4 33.Qg3 Nxe4 34.Qh4 Nf6 35.Nxc5 Qxc5 36.Rfe1 Re8
37.Qg3 Nc8 38.Rc1 Qd5 39.Qf3 Ne7 40.Rc7 h5 41.Kg1 Qa5 42.Rec1 Ned5 43.R7c5 Qd2
44.Qf2 Qb4 45.Qe1 Qb6 46.Rc6 Qb3 47.Rc8 Rxc8 48.Rxc8+ Kh7 49.Bc2 Qa3 50.Qd2 Qa1+
51.Qd1 Qa6 52.Rf8 Ne3 53.Qd3 Qc6 54.Qe2 Qxc2 55.Qxc2 Nxc2 56.Rxf7 e4 57.Kf2 d3
58.Re7 e3+  0-1

[Event "JUG-ch op"]
[Site "Nis"]
[Date "1996.??.??"]
[Round "9"]
[White "Nevednichy, Vladislav"]
[Black "Popchev, Milko"]
[Result "1/2-1/2"]
[WhiteElo "2505"]
[BlackElo "2475"]

1.e4 c5 2.Nf3 e6 3.d4 cxd4 4.Nxd4 a6 5.Bd3 Ne7 6.O-O Nec6 7.Nb3 d6 8.f4 Nd7
9.Nc3 Be7 10.Be3 O-O 11.a3 b5 12.Qf3 Bb7 13.Qh3 e5 14.Nd5 exf4 15.Bxf4 Nde5
16.a4 bxa4 17.Rxa4 Bg5 18.Raa1 Bxf4 19.Rxf4 Ne7 20.Nxe7+ Qxe7 21.Qe3 g6 22.Raf1 Bc8
23.Nd4  1/2-1/2

[Event "JUG-chT (Women)"]
[Site "Novi Sad"]
[Date "1996.??.??"]
[Round "?"]
[White "Nikolin, Zorica"]
[Black "Sakotic, Jasna"]
[Result "1/2-1/2"]
[WhiteElo "2185"]
[BlackElo "2100"]

1.e4 c5 2.Nf3 e6 3.d4 cxd4 4.Nxd4 a6 5.Bd3 Qc7 6.Qe2 d6 7.c4 Nf6 8.b3 Be7
9.Bb2 O-O 10.O-O Nc6 11.Nd2 Ne5 12.Bc2 b6 13.f4 Ng6 14.f5 Ne5 15.fxe6 fxe6
16.N2f3 Qc5 17.Kh1 Nfg4 18.h3 Nxf3 19.Nxf3 Ne3 20.Rfc1 Nxc2 21.Rxc2 e5 22.Ne1 Bb7
23.Nd3 Qc6 24.Re1 Bh4 25.Nb4 Qc5 26.Nd3 Qc6 27.Nb4  1/2-1/2

[Event "JUG-chT (Women)"]
[Site "Novi Sad"]
[Date "1996.??.??"]
[Round "?"]
[White "Micic, Snezana"]
[Black "Pejic, Dragana"]
[Result "1-0"]
[WhiteElo "2180"]
[BlackElo "2095"]

1.e4 c5 2.Nf3 e6 3.d4 cxd4 4.Nxd4 a6 5.Bd3 Bc5 6.Nb3 Ba7 7.c4 d6 8.O-O Nf6
9.Nc3 Nbd7 10.Kh1 Ne5 11.Be2 Qc7 12.Bg5 Bd7 13.Rc1 h5 14.Bf4 Rd8 15.f3 Bc6
16.Nb5 axb5 17.cxb5 h4 18.bxc6 Nxc6 19.Bg5 Nh5 20.Bxh4 d5 21.f4 dxe4 22.Qc2 g5
23.Bxh5 Rxh5 24.Bg3 Rd3 25.Qe2 Rh8 26.Bf2 gxf4 27.Bxa7 f3 28.gxf3 exf3 29.Qf2 Qf4
30.Bb6 Rd5 31.Be3 Qb8 32.Nd2 Rf5 33.Qg1 Ne5 34.Qg3 Ke7 35.Bf4 Rg8 36.Qh4+ f6
37.Qh7+ Kd6 38.Nc4+ Kd5 39.Bxe5 fxe5 40.Ne3+  1-0

[Event "Oberwart op"]
[Site "Oberwart"]
[Date "1996.??.??"]
[Round "2"]
[White "Benz, Rolf"]
[Black "Farago, Ivan"]
[Result "0-1"]
[WhiteElo "2170"]
[BlackElo "2515"]

1.e4 c5 2.Nf3 e6 3.d4 cxd4 4.Nxd4 a6 5.Bd3 Nf6 6.O-O Qc7 7.Qe2 d6 8.Nc3 Be7
9.Kh1 Nc6 10.Nb3 b5 11.Bd2 Bb7 12.a4 b4 13.Na2 d5 14.e5 Nxe5 15.Nxb4 Nc4
16.Bc3 O-O 17.Nd2 Nxd2 18.Bxd2 a5 19.Na2 e5 20.f3 d4 21.Rae1 Bd6 22.Bg5 Nd5
23.c4 Nb6 24.b3 Nd7 25.f4 e4 26.Bxe4 Rae8 27.Qc2 Rxe4 28.Rxe4 d3  0-1

[Event "Oberwart op"]
[Site "Oberwart"]
[Date "1996.??.??"]
[Round "2"]
[White "Wittmann, Walter"]
[Black "Horvath, Csaba"]
[Result "1/2-1/2"]
[WhiteElo "2370"]
[BlackElo "2530"]

1.e4 c5 2.Nf3 e6 3.d4 cxd4 4.Nxd4 a6 5.Bd3 Nf6 6.O-O Qc7 7.Qe2 d6 8.c4 g6
9.Nc3 Bg7 10.Nf3 O-O 11.Bf4 Ng4 12.Rac1 Ne5 13.Rfd1 Nbc6 14.b3 Rb8 15.Qe3 Bd7
16.Be2 Nxf3+ 17.Bxf3 e5 18.Bg3 Nd4 19.Ne2 Nxf3+ 20.Qxf3 Be6 21.Qd3 Rfd8 22.Nc3 Qa5
23.Rc2 b5  1/2-1/2

[Event "Oberwart op"]
[Site "Oberwart"]
[Date "1996.??.??"]
[Round "3"]
[White "Pfeiffer, Gregor"]
[Black "Waldmann, Ivan"]
[Result "1/2-1/2"]
[WhiteElo "2135"]
[BlackElo "2275"]

1.e4 c5 2.Nf3 e6 3.d4 cxd4 4.Nxd4 a6 5.Bd3 Nf6 6.O-O Qc7 7.Qe2 d6 8.c4 Be7
9.Nc3 O-O 10.Kh1 Re8 11.f4 Nbd7 12.a4 b6 13.b3 Bf8 14.Bb2 g6 15.Rae1 Bb7
16.Nf3 Bg7 17.Ng5 Rad8 18.Bb1 h6 19.Nh3 Qb8 20.Qf2 Rf8  1/2-1/2

[Event "Oberwart op"]
[Site "Oberwart"]
[Date "1996.??.??"]
[Round "8"]
[White "Wohlfahrt, Herbert J"]
[Black "Sulava, Nenad"]
[Result "0-1"]
[WhiteElo "2235"]
[BlackElo "2430"]

1.d4 e6 2.Nf3 c5 3.e4 cxd4 4.Nxd4 a6 5.Bd3 Qb6 6.Nb3 Qc7 7.O-O Nf6 8.Qe2 d6
9.Nc3 Nbd7 10.f4 b5 11.a4 b4 12.Na2 Bb7 13.Bd2 Nc5 14.Nxc5 dxc5 15.e5 Nd5
16.f5 exf5 17.Rxf5 g6 18.Rf2 Bg7 19.e6 O-O 20.exf7+ Rxf7 21.Rxf7 Qxf7 22.Rf1 Qd7
23.Re1 Bxb2 24.Bc4 Bd4+ 25.Kh1 Kh8 26.Bh6 Nf6 27.Be6 Qc6 28.Bf7 Ne4 29.Rf1 g5  0-1

[Event "RUS-Cup3"]
[Site "Omsk"]
[Date "1996.??.??"]
[Round "5"]
[White "Bezgodov, Alexei"]
[Black "Chuprov, Dmitry"]
[Result "0-1"]
[WhiteElo "2490"]
[BlackElo "2425"]

1.e4 c5 2.Nf3 e6 3.d4 cxd4 4.Nxd4 a6 5.Bd3 Nf6 6.O-O d6 7.c4 Be7 8.Nc3 Bd7
9.Be3 Nc6 10.Kh1 Nxd4 11.Bxd4 Bc6 12.Qe2 O-O 13.Rae1 Nd7 14.Nd5 Bxd5 15.exd5 e5
16.Bc3 g6 17.f4 Bf6 18.f5 e4 19.Qxe4 Bxc3 20.bxc3 Nc5 21.Qf3 Qg5 22.Bb1 Rac8
23.Qf2 Nd7 24.h4 Qh6 25.Re4 Nf6 26.Rd4 Rce8 27.Qg3 Re5 28.fxg6 fxg6 29.Rdf4 Qg7
30.Bc2 Qe7 31.Bd1 Kg7 32.Bf3 Nd7 33.Rxf8 Qxf8 34.h5 Rxh5+ 35.Kg1 Rf5 36.Re1 Re5
37.Rf1 Qe7 38.Bg4 Qg5 39.Qf3 Nf6 40.Be6 Re3 41.Qf2 Rxc3 42.Qb6 Rc1 43.Qxb7+ Kh6
44.Qb3 Rxf1+ 45.Kxf1 Ne4 46.Kg1 Qc1+ 47.Kh2 Qf4+ 48.Kg1 Kg5 49.Qa3 h5 50.Qxa6 Qf2+
51.Kh2 Nd2 52.Qa3 Nf1+ 53.Kh1 Ng3+ 54.Kh2 Ne2  0-1

[Event "RUS-Cup3"]
[Site "Omsk"]
[Date "1996.??.??"]
[Round "6"]
[White "Chuprov, Dmitry"]
[Black "Korneev, Oleg"]
[Result "1-0"]
[WhiteElo "2425"]
[BlackElo "2565"]

1.e4 c5 2.Nf3 e6 3.d4 cxd4 4.Nxd4 a6 5.Bd3 Bc5 6.Nb3 Ba7 7.O-O Nc6 8.Qe2 d6
9.Be3 e5 10.Nc3 Nge7 11.Bxa7 Rxa7 12.a4 O-O 13.Bc4 Ng6 14.Rfd1 Nf4 15.Qe3 Be6
16.Nd5 Ra8 17.c3 Rc8 18.Bf1 Bxd5 19.exd5 Ne7 20.Qf3 a5 21.c4 b6 22.h4 f5
23.Nd4 Neg6 24.Nc6 Nxh4 25.Qe3 Qg5 26.c5 e4 27.Qg3 Qh6 28.Ne7+ Kh8 29.Nxc8 bxc5
30.Nxd6 Nhxg2 31.Nc4 Nh4 32.Ra3 Nfg6 33.d6 Qh5 34.Rd5 Rd8 35.d7 Nf8 36.Ne5 Ne6
37.Nf7+ Qxf7 38.Qxh4 Rxd7 39.Bc4 h6 40.Rxd7 Qxd7 41.Rb3 Kh7 42.Bxe6 Qxe6
43.Rg3 Qe5 44.Qh5 Qe6 45.Rc3 Qd5 46.Kf1 Qe5 47.Ke1 g6 48.Qd1 h5 49.Qc1 Qh2
50.Rxc5 f4 51.Rc7+ Kh6 52.Qc5 Qh1+ 53.Kd2 Qf3 54.Rc8  1-0

[Event "ESP-chT"]
[Site "Oropesa del Mar"]
[Date "1996.??.??"]
[Round "4"]
[White "Galiana, Juan Ramon"]
[Black "Strikovic, Aleksa"]
[Result "0-1"]
[WhiteElo "2215"]
[BlackElo "2550"]

1.e4 c5 2.Nf3 e6 3.d4 cxd4 4.Nxd4 a6 5.Bd3 Nf6 6.O-O Qc7 7.c4 Nc6 8.Nxc6 dxc6
9.Nc3 e5 10.Rb1 a5 11.a3 Bc5 12.Na4 Bd4 13.c5 Be6 14.Qc2 h6 15.b3 Rd8 16.Bb2 O-O
17.Rbd1 Bxb2 18.Nxb2 Rd4 19.Rfe1 Rfd8 20.f3 b6 21.Bc4 Bxc4 22.Nxc4 bxc5 23.Ne3 Qa7
24.Nc4 Nd7 25.Rc1 f6 26.Qc3 Ra8 27.h3 Nf8 28.Kh2 Ne6 29.Ne3 Rad8 30.Nf5 Rd3
31.Qc4 Qf7 32.Rc3 Rd2 33.Re2 R2d7 34.Rf2 Kh7 35.Qa6 Rd2 36.Rc2 Rxc2 37.Rxc2 Nd4
38.Qxa5 Rd7 39.Rc3 Nxb3 40.Qa4 Nd4 41.Qc4 Qxc4 42.Rxc4 Ne6 43.Rc3 Rd2 44.Kg1 Nf4
45.Ne3 Ne2+  0-1

[Event "ESP-chTB"]
[Site "Oropesa del Mar"]
[Date "1996.??.??"]
[Round "4"]
[White "Suarez, Diego"]
[Black "Cacho Reigadas, Sergio"]
[Result "0-1"]
[WhiteElo "2320"]
[BlackElo "2405"]

1.e4 c5 2.Nf3 e6 3.d4 cxd4 4.Nxd4 a6 5.Bd3 Nf6 6.O-O Qc7 7.Bg5 Be7 8.Kh1 Nc6
9.Nxc6 dxc6 10.f4 e5 11.f5 b5 12.a4 Bb7 13.Nd2 h6 14.Be3 O-O 15.c4 Rfd8 16.Qc2 Qd7
17.Be2 Bb4 18.Rfd1 bxa4 19.c5 Qe7 20.Rxa4 a5 21.Rda1 Rdb8 22.Nb3 Qc7 23.g4 Nh7
24.Rg1 Qe7 25.g5 Nxg5 26.Bxg5 hxg5 27.Qc1 Rd8 28.Qe3 Qf6 29.Rxg5 Ba6 30.Bxa6 Rd1+
31.Rg1 Rxg1+ 32.Qxg1 Rxa6 33.Ra1 Ra8 34.Qg3 Rd8 35.Nxa5 Bxa5 36.Rxa5 Rd1+
37.Kg2 Qh6 38.f6 Rd2+ 39.Kg1 Qxf6 40.Ra8+ Kh7 41.Qh3+ Qh6 42.Qxh6+ Kxh6 43.Rc8 Rxb2
44.Rxc6+ f6 45.Rc8 Kg5 46.Rg8 Rb7 47.Rc8 Kf4 48.c6 Rb1+ 49.Kg2 Rb2+ 50.Kh3 g5
51.Rg8 Rc2 52.Rg7 Rxc6 53.Rg6 Kxe4 54.Kg4 f5+  0-1

[Event "ESP-chT"]
[Site "Oropesa del Mar"]
[Date "1996.??.??"]
[Round "6"]
[White "Ochoa de Echaguen, F Javier"]
[Black "Paramos Dominguez, Roberto"]
[Result "1/2-1/2"]
[WhiteElo "2435"]
[BlackElo "2410"]

1.e4 c5 2.Nf3 e6 3.d4 cxd4 4.Nxd4 a6 5.Bd3 Nf6 6.O-O d6 7.c4 Bd7 8.Nc3 Nc6
9.Be3 Be7 10.f4 Nxd4 11.Bxd4 Bc6 12.Qe2 O-O 13.Rac1 Re8 14.Kh1 Bf8 15.Bg1 Nd7
16.b3 g6 17.Bb1 Qh4 18.Rcd1 Rab8 19.a4 Bg7 20.Qe3 Qe7  1/2-1/2

[Event "ESP-chT"]
[Site "Oropesa del Mar"]
[Date "1996.??.??"]
[Round "8"]
[White "Ballester Sanz, Joaquin"]
[Black "Paramos Dominguez, Roberto"]
[Result "0-1"]
[WhiteElo "2195"]
[BlackElo "2410"]

1.e4 c5 2.Nf3 e6 3.d4 cxd4 4.Nxd4 a6 5.Bd3 Nf6 6.O-O d6 7.f4 Nbd7 8.Nc3 Qb6
9.Be3 Qxb2 10.Ndb5 axb5 11.Nxb5 Ra5 12.Rb1 Rxb5 13.Rxb2 Rxb2 14.Qa1 Rb6 15.Bxb6 Nxb6
16.Qc3 Be7 17.Bb5+ Bd7 18.Bxd7+ Nfxd7 19.Qxg7 Bf6 20.Qh6 Ke7 21.f5 e5 22.Rd1 Rc8
23.Qd2 Nc4 24.Qb4 b6 25.Rd3 Bg5 26.Qe1 Ra8 27.Qb4 Rc8 28.Qe1 Ra8 29.h4 Bh6
30.Qb4 Rc8 31.g4 Be3+ 32.Kg2 h6 33.Rc3 Bd2 34.Rxc4 Bxb4 35.Rxc8 Nf6 36.c3 Ba3
37.Kf3 d5 38.exd5 e4+ 39.Kg3 Bd6+ 40.Kh3 e3 41.Kg2 Nxg4 42.Kf3 h5 43.Rh8 Bc5
44.c4 Nf6 45.a4 Ne4 46.a5 bxa5 47.Ra8 Nd2+ 48.Ke2 Nb3 49.f6+ Kd7  0-1

[Event "Komercni Banka op"]
[Site "Pardubice"]
[Date "1996.??.??"]
[Round "1"]
[White "Ptacnikova, Lenka"]
[Black "Grabliauskas, Virginijus"]
[Result "0-1"]
[WhiteElo "2210"]
[BlackElo "2430"]

1.e4 c5 2.Nf3 e6 3.d4 cxd4 4.Nxd4 a6 5.Bd3 Bc5 6.Nb3 Ba7 7.O-O Nc6 8.Qe2 d6
9.Be3 Bxe3 10.Qxe3 Nf6 11.c4 e5 12.Nc3 Be6 13.Rac1 O-O 14.Rfd1 Rc8 15.Be2 Qe7
16.Qb6 Rb8 17.Nd5 Qd8 18.Qe3 Bxd5 19.cxd5 Ne7 20.Nd2 b5 21.b4 Qd7 22.f3 Nh5
23.Nb3 f5 24.Na5 Nf4 25.Bf1 fxe4 26.fxe4 Neg6 27.Rc6 Rf6 28.Rdc1 Rbf8 29.Nb3 Nh4
30.R6c2 Qf7 31.Nd2 Qg6 32.Qg3 Qh5 33.Nf3 Nfxg2 34.Bxg2 Nxf3+ 35.Bxf3 Rxf3
36.Qg2 R3f4 37.Kh1 Rg4 38.Qe2 Qg6  0-1

[Event "Komercni Banka op"]
[Site "Pardubice"]
[Date "1996.??.??"]
[Round "2"]
[White "Meier, Volker"]
[Black "Svobodova, Michaela"]
[Result "1/2-1/2"]
[WhiteElo "2290"]
[BlackElo "2175"]

1.e4 c5 2.Nf3 e6 3.d4 cxd4 4.Nxd4 a6 5.Bd3 g6 6.c4 Bg7 7.Be3 Ne7 8.Nc3 d5
9.exd5 exd5 10.O-O O-O 11.Rc1 dxc4 12.Bxc4 Nbc6 13.Nxc6 Nxc6 14.Bc5 Qxd1
15.Rfxd1 Rd8 16.Rxd8+ Nxd8 17.Nd5 b5 18.Nc7 Rb8 19.Bd5 Bb7 20.b4 Bxd5 21.Nxd5 Ne6
22.Kf1 Rd8 23.Rd1 f5 24.Bb6 Re8 25.Rc1 Kf7 26.Rc6 Be5 27.Ba5 Ra8 28.g3 g5
29.Kg2 Ra7 30.Nb6 Rc7  1/2-1/2

[Event "Komercni Banka op"]
[Site "Pardubice"]
[Date "1996.??.??"]
[Round "5"]
[White "Kaminski, Marcin"]
[Black "Kostin, Alexey"]
[Result "1-0"]
[WhiteElo "2525"]
[BlackElo "2300"]

1.e4 c5 2.Nf3 e6 3.d4 cxd4 4.Nxd4 a6 5.Bd3 Bc5 6.Nb3 Ba7 7.Qe2 d6 8.Be3 Nc6
9.Nc3 Nf6 10.f4 b5 11.O-O Bxe3+ 12.Qxe3 Nd7 13.Kh1 Bb7 14.a4 b4 15.Ne2 O-O
16.Qh3 h6 17.Ng3 Qf6 18.Nh5 Qxb2 19.Rab1 Qc3 20.Rf3 g6 21.Rg3 Ne7 22.e5 dxe5
23.Bxg6 Nxg6 24.Rxc3 bxc3 25.Rd1 Nb6 26.fxe5 Rad8 27.Rf1 Nd5 28.Nc5 Bc6 29.Kg1 Nde7
30.Qxc3  1-0

[Event "Komercni Banka op"]
[Site "Pardubice"]
[Date "1996.??.??"]
[Round "6"]
[White "Szirmai, Emil"]
[Black "Capek, Ivan"]
[Result "0-1"]
[WhiteElo "2240"]
[BlackElo "2145"]

1.e4 c5 2.Nf3 e6 3.d4 cxd4 4.Nxd4 a6 5.Bd3 Nf6 6.O-O Qc7 7.c4 d6 8.Be3 Be7
9.Nc3 O-O 10.Rc1 b6 11.Kh1 Bb7 12.f4 Nc6 13.Nd5 Qd8 14.Nxc6 Bxc6 15.Bxb6 Qd7
16.Nxe7+ Qxe7 17.c5 Qb7 18.Qe2 Nxe4 19.f5 exf5 20.Rxf5 g6 21.Rf4 Nxc5 22.Bxc5 dxc5
23.Rxc5 Rfe8 24.Qf2 Rad8 25.Rc3 Bb5 26.Rf3 Bxd3 27.Rcxd3 Rxd3 28.Rxd3 Qxb2
29.Qf1 Qxa2 30.h3 Qe2 31.Qxe2 Rxe2 32.Ra3 Re6 33.Ra5 Kf8 34.g4 h6 35.Kg2 Ke7
36.Kf3 Kd7 37.h4 Kc7 38.Kf4 Kb6 39.Ra1 a5 40.h5 gxh5 41.gxh5 Kb5 42.Rb1+ Kc4
43.Rb7 a4 44.Rxf7 Ra6 45.Rg7 a3 46.Rg6 Kb5  0-1

[Event "Komercni Banka op"]
[Site "Pardubice"]
[Date "1996.??.??"]
[Round "9"]
[White "Varitski, Igor"]
[Black "Svobodova, Michaela"]
[Result "1-0"]
[WhiteElo "2310"]
[BlackElo "2175"]

1.e4 c5 2.Nf3 e6 3.d4 cxd4 4.Nxd4 a6 5.Bd3 g6 6.O-O Bg7 7.Be3 Nc6 8.Nxc6 bxc6
9.Nd2 d5 10.c3 Ne7 11.f4 O-O 12.Bc5 Re8 13.e5 a5 14.Qe2 Bb7 15.g4 Qc8 16.b3 Ba6
17.c4 Kh8 18.Rf3 f5 19.Rh3 Qd7 20.Kh1 Bf8 21.Rf1 Ng8 22.Bxf8 Rxf8 23.gxf5 gxf5
24.Rg1 c5 25.Rg5 dxc4 26.Nxc4 Bb7+ 27.Kg1 Qd4+ 28.Ne3 Rad8 29.Rxh7+ Kxh7
30.Qh5+ Nh6 31.Qg6+  1-0

[Event "Komercni Banka op"]
[Site "Pardubice"]
[Date "1996.??.??"]
[Round "9"]
[White "Sluka, Radek"]
[Black "Efler, Lukas"]
[Result "1-0"]
[WhiteElo "2350"]
[BlackElo "2250"]

1.e4 c5 2.Nf3 e6 3.d4 cxd4 4.Nxd4 a6 5.Bd3 Qc7 6.O-O Nf6 7.Be3 Be7 8.f4 d6
9.Qf3 O-O 10.Nd2 Nc6 11.Nxc6 bxc6 12.Nc4 Nd7 13.e5 dxe5 14.fxe5 f5 15.exf6 Nxf6
16.Bd4 Bd7 17.Kh1 Bd6 18.Rae1 c5 19.Bxf6 gxf6 20.Bxh7+ Kxh7 21.Qd3+ f5 22.Nxd6 Rf6
23.Nxf5 Rxf5 24.Rxf5 exf5 25.Re7+ Kg6 26.Rxd7  1-0

[Event "Paris op"]
[Site "Paris"]
[Date "1996.??.??"]
[Round "2"]
[White "Marcantoni, Herve"]
[Black "Sellos, Didier"]
[Result "0-1"]
[WhiteElo "2305"]
[BlackElo "2455"]

1.e4 c5 2.Nf3 e6 3.d4 cxd4 4.Nxd4 a6 5.Bd3 Ne7 6.O-O Nbc6 7.Nxc6 Nxc6 8.Be3 Be7
9.f4 d6 10.Nd2 O-O 11.Qh5 g6 12.Qh6 Bf6 13.f5 Ne5 14.Nf3 Ng4 15.Qf4 Nxe3
16.Qxe3 Bxb2 17.Rad1 Qa5 18.fxg6 hxg6 19.Qh6 Bg7 20.Qh4 Qh5 21.Qe7 Qc5+ 22.Kh1 b5
23.e5 Ra7 24.Qxd6 Qxd6 25.exd6 Rd8 26.c4 bxc4 27.Bxc4 Bf8 28.d7 Raxd7 29.Rxd7 Rxd7
30.h3 Rc7 31.Bb3 Bg7 32.Ng5 Bb2 33.Ne4 Be5 34.Nd2 Bb7 35.Nc4 Bg3 36.Ne3 Rc3
37.Ng4 Kg7 38.Nh2 Bc6 39.Nf3 Bf4 40.Ng1 Bc7 41.Nf3 Bf4 42.Ng1 g5  0-1

[Event "Paris op"]
[Site "Paris"]
[Date "1996.??.??"]
[Round "5"]
[White "Kaminski, Marcin"]
[Black "Sellos, Didier"]
[Result "1/2-1/2"]
[WhiteElo "2525"]
[BlackElo "2455"]

1.e4 c5 2.Nf3 e6 3.d4 cxd4 4.Nxd4 a6 5.Bd3 d6 6.O-O Nf6 7.Kh1 g6 8.Bg5 Bg7
9.f4 Qc7 10.Nc3 O-O 11.f5 Nc6 12.Nxc6 bxc6 13.e5 dxe5 14.Bxf6 Bxf6 15.fxg6 fxg6
16.Ne4 Bg7 17.Rxf8+ Kxf8 18.Ng5 Bh6 19.Qf3+ Kg8 20.Rf1 Qe7 21.Ne4 Bb7 22.Qh3 Bf4
23.Bc4 Re8 24.Qb3 Ba8 25.Rd1 Kg7 26.Bxe6 Rd8 27.Rxd8 Qxd8 28.Qd3 Qxd3 29.cxd3 a5
30.Nd6 Kf6 31.Bc8 c5 32.Nc4 Bd5 33.b3 Bxc4 34.bxc4 a4  1/2-1/2

[Event "Paris op"]
[Site "Paris"]
[Date "1996.??.??"]
[Round "5"]
[White "Palac, Mladen"]
[Black "Pugachov, Alexey"]
[Result "1/2-1/2"]
[WhiteElo "2545"]
[BlackElo "2445"]

1.e4 c5 2.Nf3 e6 3.d4 cxd4 4.Nxd4 a6 5.Bd3 Nf6 6.O-O d6 7.c4 Bd7 8.Nc3 Nc6
9.Nxc6 Bxc6 10.Bf4 Be7 11.Qe2 O-O 12.Rfd1 Nd7 13.Rac1 Qb8 14.Nd5 Bxd5 15.cxd5 e5
16.Be3 Rc8 17.Qd2 h6 18.Bf1 Rxc1 19.Rxc1 Nc5 20.f3 Qd8  1/2-1/2

[Event "Paris op"]
[Site "Paris"]
[Date "1996.??.??"]
[Round "8"]
[White "Pugachov, Alexey"]
[Black "Miezis, Normunds"]
[Result "1-0"]
[WhiteElo "2445"]
[BlackElo "2515"]

1.e4 c5 2.Nf3 e6 3.d4 cxd4 4.Nxd4 a6 5.Bd3 Nc6 6.Nxc6 dxc6 7.O-O e5 8.Nd2 Nf6
9.Nc4 Bg4 10.Qe1 Nd7 11.f4 Be6 12.Kh1 Qc7 13.Bd2 f6 14.f5 Bf7 15.b4 c5 16.bxc5 Bxc5
17.Ne3 Bd4 18.Rc1 Nc5 19.Nd5 Bxd5 20.exd5 O-O 21.Be4 Nxe4 22.Qxe4 b5 23.c3 Bc5
24.c4 Qd6 25.Rc2 Rfd8 26.Ba5 Rd7 27.Rfc1 Rb8 28.Be1 Ba3 29.Rd1 bxc4 30.Rxc4 h6
31.h3 Qb6 32.Rd3 Bf8 33.Rb3 Qd6 34.Rc6 Qxd5 35.Qxd5+ Rxd5 36.Rxb8 Rd1 37.Rcc8  1-0

[Event "ARG-ch"]
[Site "Pena City"]
[Date "1996.??.??"]
[Round "4"]
[White "Dorin, Mauricio"]
[Black "Panno, Oscar"]
[Result "1/2-1/2"]
[WhiteElo "2290"]
[BlackElo "2485"]

1.e4 c5 2.Nf3 e6 3.d4 cxd4 4.Nxd4 a6 5.Bd3 g6 6.O-O Bg7 7.Be3 Ne7 8.Nc3 O-O
9.f4 Nbc6 10.Nxc6 Nxc6 11.Be2 d5 12.exd5 exd5 13.Nxd5 Bxb2 14.Rb1 Bg7 15.Bb6 Qd6
16.c4 Bf5  1/2-1/2

[Event "ARG-ch"]
[Site "Pena City"]
[Date "1996.??.??"]
[Round "6"]
[White "Ginzburg, Maximiliano"]
[Black "Spangenberg, Hugo"]
[Result "0-1"]
[WhiteElo "2425"]
[BlackElo "2555"]

1.e4 c5 2.Nf3 e6 3.d4 cxd4 4.Nxd4 a6 5.Bd3 Bc5 6.Nb3 Ba7 7.Qe2 Nc6 8.Be3 Bxe3
9.Qxe3 Nf6 10.Nc3 d6 11.O-O-O O-O 12.f4 e5 13.f5 b5 14.Rhg1 b4 15.Na4 Bd7
16.Nb6 Ng4 17.Qg3 Qxb6 18.Qxg4 Rfc8 19.Qh4 a5 20.f6 Qd8 21.Rgf1 Be6 22.Bb5 a4
23.Nc5 Nd4 24.Nxe6 Nxe6 25.Qg3 b3 26.a3 Rxc2+ 27.Kb1 Qc7 28.Bd3 Rc8 29.Qe3 gxf6
30.Rxf6 Nf4 31.Rxf4 exf4 32.Qxf4 Qc5 33.e5 Qxe5 34.Qxe5 dxe5 35.Bf5 R8c7
36.Rd8+ Kg7 37.Bxc2 Rxc2 38.Ra8 Rxg2 39.Kc1 Rc2+  0-1

[Event "PER-ch 44th"]
[Site "Peru"]
[Date "1996.??.??"]
[Round "9"]
[White "Aguilar, Juan"]
[Black "Urday, Henry"]
[Result "0-1"]
[WhiteElo "2270"]
[BlackElo "2470"]

1.e4 c5 2.Nf3 e6 3.d4 cxd4 4.Nxd4 a6 5.Bd3 Nf6 6.O-O Qc7 7.Qe2 d6 8.c4 g6
9.Nc3 Bg7 10.Be3 Nbd7 11.f4 O-O 12.Rac1 b6 13.Kh1 Bb7 14.Bb1 Rac8 15.b3 Rfe8
16.Nf3 Nh5 17.Qd2 b5 18.Ne2 bxc4 19.Rxc4 Qb8 20.Rxc8 Rxc8 21.e5 Bf8 22.exd6 Bxd6
23.Rd1 Bxf3 24.gxf3 Bc5 25.Bxc5 Nxc5 26.b4 Na4 27.Be4 Nf6 28.Qd4 Kg7 29.a3 Nb6
30.Ng3 Nd7 31.Bd3 Rc6 32.Be4 Rb6 33.Bc2 Qc7 34.Ba4 e5 35.fxe5 Nxe5 36.Kg2 h5
37.Bb3 h4 38.Ne2 h3+ 39.Kf2 a5 40.Ng3 axb4 41.axb4 Rb5 42.Ne4 Neg4+ 43.fxg4 Qf4+
44.Kg1 Qxg4+ 45.Ng3 Qf3 46.Rd2 Qxb3 47.Rf2 Qe6 48.Ne4 Qg4+ 49.Kf1 Re5 50.Qd6 Re6
51.Qd4 Qxe4 52.Qxe4 Nxe4 53.Rb2 f5  0-1

[Event "Petah Tiqwa"]
[Site "Petah Tiqwa"]
[Date "1996.??.??"]
[Round "2"]
[White "Tratatovici, Moise"]
[Black "Rotman, Daniel"]
[Result "1/2-1/2"]
[WhiteElo "2290"]
[BlackElo "2345"]

1.e4 c5 2.Nf3 e6 3.d4 cxd4 4.Nxd4 a6 5.Bd3 Qb6 6.Nb3 Qc7 7.c4 d6 8.O-O Nf6
9.Nc3 Be7 10.Be3 b6 11.Rc1 Nbd7 12.Nd4 Bb7 13.f3 O-O 14.Qd2 Rac8 15.Rfd1 Qb8
16.Na4 Rfe8 17.Qf2 Bd8 18.Nb3 Nc5 19.Nbxc5 dxc5 20.b4 Bc7 21.Qh4 cxb4 22.c5 b5
23.Nb6 Rcd8 24.e5 Bxe5 25.c6 Bc8 26.Bxh7+ Kh8 27.Bd3+ Kg8 28.Bh7+ Kh8 29.Be4+ Kg8  1/2-1/2

[Event "Polanica Zdroj op"]
[Site "Polanica Zdroj"]
[Date "1996.??.??"]
[Round "1"]
[White "Martowicz, Krzysztof"]
[Black "Voloshin, Leonid"]
[Result "0-1"]
[WhiteElo "2100"]
[BlackElo "2420"]

1.e4 c5 2.Nf3 e6 3.d4 cxd4 4.Nxd4 a6 5.Bd3 Bc5 6.Nb3 Ba7 7.Nc3 Nc6 8.Qe2 d6
9.Be3 Bxe3 10.Qxe3 Nf6 11.O-O-O O-O 12.f4 Qc7 13.Rhg1 b5 14.g4 Bb7 15.g5 Nd7
16.Qh3 Nb4 17.e5 Nxd3+ 18.Qxd3 d5 19.Rg4 Rfc8 20.Ne2 a5 21.Nbd4 g6 22.h4 Ba6
23.Qe3 b4 24.h5 a4 25.Rd2 Nc5 26.Ng3 b3 27.a3 bxc2 28.hxg6 fxg6 29.Rxc2 Qb6
30.Kd1 Nd3 31.Rh4 Rxc2 32.Nxc2 Qxb2 33.Qd4 Qb1+ 34.Kd2 Qc1+  0-1

[Event "Polanica Zdroj op"]
[Site "Polanica Zdroj"]
[Date "1996.??.??"]
[Round "6"]
[White "Macieja, Bartlomiej"]
[Black "Voloshin, Leonid"]
[Result "1-0"]
[WhiteElo "2430"]
[BlackElo "2420"]

1.e4 c5 2.Nf3 e6 3.d4 cxd4 4.Nxd4 a6 5.Bd3 Bc5 6.Nb3 Ba7 7.Qe2 Nc6 8.Be3 Bxe3
9.Qxe3 d6 10.Nc3 Nf6 11.O-O-O O-O 12.f4 Qc7 13.Rhg1 b5 14.g4 Bb7 15.g5 Nd7
16.Qh3 Nb4 17.e5 Nxd3+ 18.Qxd3 d5 19.a3 Rfc8 20.h4 g6 21.h5 Nf8 22.Rg3 Rab8
23.Nd4 Bc6 24.b4 a5 25.Kd2 axb4 26.axb4 Ra8 27.Rb1 Ra3 28.Rb3 Qa7 29.Ncxb5 Bxb5
30.Rxa3 Qb6 31.Nxb5 Rc4 32.Rc3 Rxb4 33.Rb3 Rxf4 34.Rf3 Rg4 35.Kc1 Qa5 36.Kb2 Qe1
37.Qe3 Qxe3 38.Rbxe3 Rxg5 39.Nd6 Nd7 40.Rxf7 Nxe5 41.Re7 Rxh5 42.Ra3  1-0

[Event "CRO-Cup"]
[Site "Pula"]
[Date "1996.??.??"]
[Round "?"]
[White "Krivec, Jana"]
[Black "Bocina, Darko"]
[Result "1-0"]
[WhiteElo "2080"]
[BlackElo "2150"]

1.e4 c5 2.Nf3 e6 3.d4 cxd4 4.Nxd4 a6 5.Bd3 Qc7 6.O-O Nf6 7.c4 Be7 8.Nc3 Nc6
9.Nxc6 dxc6 10.f4 e5 11.f5 Bc5+ 12.Kh1 Bd7 13.a3 Bd4 14.Ne2 c5 15.Nxd4 cxd4
16.b4 Bc6 17.Qf3 h6 18.Bd2 b5 19.c5 Qe7 20.Bc2 O-O 21.Bd3 Kh7 22.Rae1 Qb7
23.g4 g5 24.h4 Rg8 25.hxg5 hxg5 26.Kg2 Kg7 27.Bxg5 Rh8 28.Bxf6+ Kxf6 29.g5+ Ke7
30.f6+ Kd8 31.Qg3 Qc7 32.g6 fxg6 33.f7 Qe7 34.Qxg6 Kc7 35.Rh1 Rxh1 36.Rxh1 Rf8
37.Rh6 Bb7 38.Qd6+ Qxd6 39.cxd6+ Kd7 40.Rf6 Bc6 41.Kg3 Kd8 42.Kg4  1-0

[Event "ISL-chT"]
[Site "Reykjavik"]
[Date "1996.??.??"]
[Round "?"]
[White "Bjornsson, Tomas"]
[Black "Arnason, Jon L"]
[Result "0-1"]
[WhiteElo "2240"]
[BlackElo "2535"]

1.e4 c5 2.Nf3 e6 3.d4 cxd4 4.Nxd4 a6 5.Bd3 Nf6 6.O-O Qc7 7.c4 Nc6 8.Nxc6 dxc6
9.Nc3 e5 10.Bg5 Nd7 11.Rc1 Nc5 12.Qd2 Be7 13.Bc2 b5 14.cxb5 axb5 15.b4 Ne6
16.Bxe7 Qxe7 17.Rb1 O-O 18.a4 Rd8 19.Qe3 Nd4 20.Bd1 Be6 21.Kh1 Bc4 22.Rg1 h6
23.h3 Ne6 24.axb5 Rd3 25.Qc1 cxb5 26.Nd5 Qh4 27.Ne3 Nf4 28.Bg4 Qxf2 29.Nxc4 bxc4
30.Qxc4 Qg3 31.b5 h5 32.b6 hxg4 33.b7 Qxh3+  0-1